The History of the Renowned Don Quixote de la Mancha (Record no. 2929)
[ view plain ]
| 000 -CABECERA | |
|---|---|
| campo de control de longitud fija | 01935nam a2200337 a 4500 |
| 001 - NÚMERO DE CONTROL | |
| campo de control | BRCA_3193 |
| 005 - FECHA Y HORA DE LA ÚLTIMA TRANSACCIÓN | |
| campo de control | 20190320204145.0 |
| 008 - DATOS DE LONGITUD FIJA--INFORMACIÓN GENERAL | |
| campo de control de longitud fija | 180209s1719----enka---###---#000-0#eng-u |
| 041 ## - CÓDIGO DE LENGUA | |
| Código de lengua del texto/banda sonora o título independiente | eng |
| 044 ## - CÓDIGO DEL PAÍS DE LA ENTIDAD EDITORA/PRODUCTORA | |
| Código MARC del país | enk |
| 084 ## - OTRO NÚMERO DE CLASIFICACIÓN | |
| Número de clasificación | 494 |
| Número de documento/Ítem | .K537 |
| -- | 1719 |
| 100 1# - ENTRADA PRINCIPAL--NOMBRE DE PERSONA | |
| Nombre de persona | Cervantes Saavedra, Miguel de |
| Fechas asociadas al nombre | 1547-1616 |
| 9 (RLIN) | 213 |
| 245 10 - MENCIÓN DE TÍTULO | |
| Título | The History of the Renowned Don Quixote de la Mancha |
| Mención de responsabilidad, etc. | Written in Spanish by Miguel de Cervantes Saavedra. |
| 250 ## - MENCIÓN DE EDICIÓN | |
| Mención de edición | 4 |
| 260 ## - PUBLICACIÓN, DISTRIBUCIÓN, ETC. | |
| Lugar de publicación, distribución, etc. | Londres |
| Nombre del editor, distribuidor, etc. | Knaplock |
| Fecha de publicación, distribución, etc. | 1719 |
| 300 ## - DESCRIPCIÓN FÍSICA | |
| Extensión | 4 v. |
| Otras características físicas | il. |
| Dimensiones | 30 cm. |
| 500 ## - NOTA GENERAL | |
| Nota general | Contenido : v 1. Primera parte. Advertencia del traductor. Noticia biográfica sobre Cervantes. Prólogo del autor. Texto. -- v 2. Texto. -- v 3. Segunda parte. Prólogo del autor. Texto. -- v 4. Texto |
| 500 ## - NOTA GENERAL | |
| Nota general | Edición : In 4 Volumes. Translated by Several Hands and Publicated by Peter Motteux. Adorned With New Sculptures. The Fourth Edition Carefully Revised and Compared With the Best Editions of the Original. Printed at Madrid by J. Ozell. NUllum Magnun Ingenium Sine Mixtura Dementiae |
| 500 ## - NOTA GENERAL | |
| Nota general | Cuarta edición de la traducción de Motteux, revisada y corregida por J. Ozell en vista de la edición príncipe de Madrid. En efecto, Ozell enmendó varios pasajes y restableció algunos trozos omitidos por Motteux, pero su trabajo es incompleto, pues quedaron muchas cláusulas sin corregir. También omite las dedicatorias cervantinas. Piel Lúdovik Osterc |
| 500 ## - NOTA GENERAL | |
| Nota general | Estado físico : El volumen 1 presenta guarda desprendida |
| 500 ## - NOTA GENERAL | |
| Nota general | QM405 |
| 546 ## - NOTA DE LENGUA/LENGUAJE | |
| Nota de lengua/lenguaje | Texto en : inglés |
| 650 14 - PUNTO DE ACCESO ADICIONAL DE MATERIA--TÉRMINO DE MATERIA | |
| Término de materia o nombre geográfico como elemento de entrada | Novela española |
| Subdivisión cronológica | Época clásica, 1500-1700 |
| 9 (RLIN) | 215 |
| 650 14 - PUNTO DE ACCESO ADICIONAL DE MATERIA--TÉRMINO DE MATERIA | |
| Término de materia o nombre geográfico como elemento de entrada | Literatura española |
| Subdivisión cronológica | Época clásica, 1500-1700 |
| 9 (RLIN) | 216 |
| 650 14 - PUNTO DE ACCESO ADICIONAL DE MATERIA--TÉRMINO DE MATERIA | |
| Término de materia o nombre geográfico como elemento de entrada | Novela española |
| Subdivisión cronológica | Siglo XVII |
| 9 (RLIN) | 217 |
| 650 14 - PUNTO DE ACCESO ADICIONAL DE MATERIA--TÉRMINO DE MATERIA | |
| Término de materia o nombre geográfico como elemento de entrada | Don Quijote (Personaje ficticio) |
| Término indicativo de función/relación | Novela |
| 9 (RLIN) | 218 |
| 700 1# - PUNTO DE ACCESO ADICIONAL--NOMBRE DE PERSONA | |
| Nombre de persona | Ozell, John |
| Fechas asociadas al nombre | ?-1743 |
| Término indicativo de función/relación | Anotador |
| 9 (RLIN) | 8564 |
| 740 0# - PUNTO DE ACCESO ADICIONAL--TÍTULO RELACIONADO O ANALÍTICO NO CONTROLADO | |
| Título relacionado o analítico no controlado | El Ingenioso Hidalgo Don Quijote de la Mancha |
| 902 ## - CATALOGADOR | |
| Iniciales | QFM |
| 942 ## - ELEMENTOS DE PUNTO DE ACCESO ADICIONAL (KOHA) | |
| Fuente del sistema de clasificación o colocación | Library of Congress Classification |
| Tipo de ítem Koha | Libros |
| Estado de retiro | Estado de pérdida | Estado dañado | No para préstamo | Localización permanente | Ubicación/localización actual | Fecha de adquisición | Número de inventario | Total de préstamos | Signatura topográfica completa | Código de barras | Fecha visto por última vez | Precio válido a partir de | Tipo de ítem Koha |
|---|---|---|---|---|---|---|---|---|---|---|---|---|---|
| El ejemplar forma parte de la colección y puede ser consultado según las políticas vigentes. | Biblioteca del Museo Franz Mayer (Rogerio Casas-Alatriste) | Biblioteca del Museo Franz Mayer (Rogerio Casas-Alatriste) | 18/02/2009 | QM405 | 494 .K537 1719 (QM405) | 3190 | 22/03/2019 | 22/03/2019 | Libros |